000 00632nam a22001695i 4500
001 160144
003 ES-MaACL
005 20230906211941.0
008 940202s18541870sp |||| | spa d
040 _aAS
_bspa
100 1 _aGómez de la Cortina, Joaquín
_cMarqués de Morante (
_d1805-1868)
_957894
245 1 0 _aCatalogus librorum doctoris D. Joach. Gómez de la Cortina, march. de Morante, qui in aedibus suis exstant.
260 _aMatriti :
_b[s.n.],
_c1854-1870 (
_fApud Eusebium Aguado)
300 _a9 v. ;
_c23 cm.
596 1 _aMarca tip. en port.
852 _aES-MaACL
_jD-1696-1703
_z-- Enc. hol.
_q-- Falta el T. IX
999 _c160144
_d160144